Law of arbitration and conciliation : (Record no. 67586)

MARC details
000 -LEADER
fixed length control field 00608nam a22001697a 4500
005 - DATE AND TIME OF LATEST TRANSACTION
control field 20120606143511.0
020 ## - INTERNATIONAL STANDARD BOOK NUMBER
International Standard Book Number 8171771564
Terms of availability 00
035 ## - SYSTEM CONTROL NUMBER
System control number B-128990
037 ## - SOURCE OF ACQUISITION
Stock number DPL
Source of stock number/acquisition ENG
100 ## - MAIN ENTRY--PERSONAL NAME
Personal name Chawla, S. K.
245 ## - TITLE STATEMENT
Title Law of arbitration and conciliation :
Remainder of title Practice and procedure /
Statement of responsibility, etc by S.K. Chawla
250 ## - EDITION STATEMENT
Edition statement 2nd ed.
260 ## - PUBLICATION, DISTRIBUTION, ETC. (IMPRINT)
Place of publication, distribution, etc Kolkata
Name of publisher, distributor, etc Eastern Law House
Date of publication, distribution, etc 2004
300 ## - PHYSICAL DESCRIPTION
Extent 1060p.
Dimensions 22 cms.
942 ## - ADDED ENTRY ELEMENTS (KOHA)
Source of classification or shelving scheme Dewey Decimal Classification
Item type English Books
Classification part 347.5409
Call number suffix CHA
Holdings
Withdrawn status Lost status Not for loan Collection code Home library Current library Date acquired Cost, normal purchase price Full call number Barcode Cost, replacement price Koha item type
      Non-fiction Sarojini Nagar Sarojini Nagar 06/06/2012 0.00 347.5409 CHA B-128990 0.00 English Books

© Delhi Public Library
Hit Counter
free hit counter